"Der sicherste Weg zur Drogenfreiheit führt über ein Ersatzmittel"

Guardado en:  
Detalles Bibliográficos
Autor principal: Elias, Herbert (Autor)
Tipo de documento: Print Artículo
Lenguaje:Alemán
Publicado: 1989
En: Universitas. [Deutsche Ausgabe]
Año: 1989, Número: 11, Páginas: 1025-1029
Disponibilidad en Tübingen:Disponible en Tübingen.
IFK: 5776
Verificar disponibilidad: HBZ Gateway
Palabras clave:

MARC

LEADER 00000caa a22000002c 4500
001 1632320916
003 DE-627
005 20220607133037.0
007 tu
008 130628s1989 xx ||||| 00| ||ger c
035 |a (DE-627)1632320916 
035 |a (DE-576)384838901 
035 |a (DE-599)BSZ384838901 
040 |a DE-627  |b ger  |c DE-627  |e rakwb 
041 |a ger 
100 1 |a Elias, Herbert  |4 aut 
245 1 0 |a "Der sicherste Weg zur Drogenfreiheit führt über ein Ersatzmittel"  |c Herbert Elias 
264 1 |c 1989 
336 |a Text  |b txt  |2 rdacontent 
337 |a ohne Hilfsmittel zu benutzen  |b n  |2 rdamedia 
338 |a Band  |b nc  |2 rdacarrier 
773 0 8 |i In  |t Universitas. [Deutsche Ausgabe]  |d Heidelberg : Heidelberger Lese-Zeiten-Verl., 1946  |g (1989), 11, Seite 1025-1029  |w (DE-627)129478806  |w (DE-600)203995-3  |w (DE-576)01486021X  |x 0041-9079  |7 nnas 
773 1 8 |g year:1989  |g number:11  |g pages:1025-1029 
951 |a AR 
ELC |b 1 
LOK |0 000 xxxxxcx a22 zn 4500 
LOK |0 001 3284257551 
LOK |0 003 DE-627 
LOK |0 004 1632320916 
LOK |0 005 20130628142457 
LOK |0 008 130628||||||||||||||||ger||||||| 
LOK |0 040   |a DE-21-110  |c DE-627  |d DE-21-110 
LOK |0 689   |a s  |a Methadonprogramm 
LOK |0 852   |a DE-21-110 
LOK |0 852 1  |c 5776  |m p  |9 00 
LOK |0 935   |a k110 
LOK |0 938   |k p 
LOK |0 939   |a 28-06-13  |b l01 
ORI |a SA-MARC-krimdoka001.raw 
SIG |a IFK: 5776